|
|
|
|
| LEADER |
01320nam a2200325 a 4500 |
| 001 |
35296 |
| 003 |
BD-DhAAL |
| 005 |
20211129145949.0 |
| 008 |
190912r20031998enka b 001 0 eng |
| 999 |
|
|
|c 41217
|d 41217
|
| 010 |
|
|
|a 98003374
|
| 020 |
|
|
|a 0335201164
|
| 020 |
|
|
|a 0335201156 (pb)
|
| 040 |
|
|
|a DLC
|c DLC
|d DLC
|d BD-DhAAL
|
| 050 |
0 |
0 |
|a Q181
|b .H69 1998
|
| 082 |
0 |
0 |
|a 507.12
|2 21
|
| 100 |
1 |
|
|a Hodson, Derek.
|9 34461
|
| 245 |
1 |
0 |
|a Teaching and learning science :
|b towards a personalized approach /
|c Derek Hodson.
|
| 260 |
|
|
|a Buckingham ;
|a Philadelphia :
|b Open University Press,
|c 1998 [reprinted 2003]
|
| 300 |
|
|
|a 200 pages :
|b illustrations ;
|c 23 cm.
|
| 504 |
|
|
|a Includes bibliographical references (p. [181]-197) and index.
|
| 526 |
|
|
|a BIED
|
| 541 |
|
|
|a Complimentary copy from BIED
|e 35296
|
| 650 |
|
0 |
|a Science
|x Study and teaching
|x Psychology.
|9 34462
|
| 650 |
|
0 |
|a Individualized instruction.
|9 34463
|
| 650 |
|
0 |
|a Cognitive psychology.
|9 34464
|
| 650 |
|
0 |
|a Motivation (Psychology)
|9 34465
|
| 852 |
|
|
|a Ayesha Abed Library
|c BIED Collection
|
| 942 |
|
|
|2 ddc
|c BK
|
| 952 |
|
|
|0 0
|1 0
|2 ddc
|4 0
|6 507_120000000000000_HOD
|7 0
|9 66253
|a BRACUL
|b BRACUL
|c GEN
|d 2019-09-12
|e Complimentary copy from BIED
|l 1
|m 1
|o 507.12 HOD
|p 3010035296
|r 2023-02-26
|s 2023-02-08
|t 1
|w 2019-09-12
|y BK
|x Transferred from BIED to General Stacks
|